| 000 | 01005cam a2200265 a 4500 | ||
|---|---|---|---|
| 001 | 000001458 | ||
| 005 | 20200929145602.0 | ||
| 008 | 730427s1974 moua b 001 0 eng | ||
| 020 | _a0801605075 | ||
| 040 |
_aDO-SdBNP _cDLC _dDLC |
||
| 082 |
_a616.0756 _bB344c, 1974 |
||
| 100 | 1 |
_aBauer, John D. _94836 |
|
| 245 | 1 | 0 |
_aClinical laboratory methods / _cJohn D. Bauer, Philip G. Ackermann y Gelson Toro. |
| 250 | _a8a ed. | ||
| 260 |
_aSaint Louis : _bMosby, _c1974. |
||
| 300 |
_ax, 947 p. : _bil. ; _c26 cm. |
||
| 500 | _aPrimera ed. por WE Bray publicado en 1936 bajo el título: Sinopsis de los métodos de laboratorio clínico. | ||
| 504 | _aIncluye referencias bibliográficas | ||
| 650 | 4 |
_aDiagnóstico de laboratorio _94837 |
|
| 700 | 1 |
_aAckermann, Philip Gulick, _d1909- _94838 |
|
| 700 | 1 |
_aToro, Gelson, _ejoint author. _94839 |
|
| 700 | 1 |
_aBray, William Edward, _d1882-1959. _tSinopsis de los métodos de laboratorio clínico _94840 |
|
| 910 | _aCatalogación por copia / LC | ||
| 910 | _aDC | ||
| 999 |
_c1369 _d1369 |
||